Normal view
MARC view
- Miller, Irwin,
Entry Personal Name
001 - CONTROL NUMBER
- control field: 34552
003 - CONTROL NUMBER IDENTIFIER
- control field: NUST
005 - DATE AND TIME OF LATEST TRANSACTION
- control field: 20201027102403.0
008 - FIXED-LENGTH DATA ELEMENTS
- fixed length control field: 201027|| aca||aabn | a|a d
040 ## - CATALOGING SOURCE
- Original cataloging agency: NUST
- Transcribing agency: NUST
100 ## - HEADING--PERSONAL NAME
- Personal name: Miller, Irwin,
- Dates associated with a name: 1928-
670 ## - SOURCE DATA FOUND
- Source citation: Work cat.: (NUST)0: Johnson, Richard A. Miller, Irwin & Freund ,John (Richard Arnold), 1937- author. 34551, Miller & Freund's Probability and Statistics for Engineers /
